Stavebná mechanika

Bibliographic Details
Main Author: Balažovjech, Vojtech, 1908-1976 (Author)
Format: Book
Language:Slovak
PhysicalDescription:410 strán ilustrácie 25 cm
Published: Bratislava Slovenské vydavateľstvo technickej literatúry 1958
Edition:Tretie prepracované vydanie (v SVTL druhé)
Series:Edícia teoretickej literatúry
Subjects:

MARC

LEADER 00000cam a2200000 a 4500
001 vtls008313402
003 SK-MaSNL
005 20260301140845.0
008 230403s1958 xo a drnp 001 0 slo
015 |a SNBA1958/08-01090 
020 |q (viazané) 
035 |a SK01SNK19580005619 
035 |a urn:nbn:sk:snk-am3ips9 
035 |a DF93B9CF-CBC3-4D2A-B01C-561050AB1959 
035 |a urn:nbn:sk:snk-am00fbdz 
035 |a SKM000008082 
040 |a SNK  |b slo  |c SNK  |e AACR2 
041 0 |a slo 
044 |a xo  |c SK  |a xr  |c CZ 
072 7 |a 624  |x Stavebné inžinierstvo  |2 konspekt 
080 |a 624.04  |2 2011 
080 |a (075.3)  |2 2011 
100 1 |a Balažovjech, Vojtech,  |d 1908-1976  |4 aut  |9 37251 
245 1 0 |a Stavebná mechanika  |c Vojtech Balažovjech 
250 |a Tretie prepracované vydanie (v SVTL druhé) 
260 |a Bratislava  |b Slovenské vydavateľstvo technickej literatúry  |c 1958  |e Brno  |f Tisk 
300 |a 410 strán  |b ilustrácie  |c 25 cm 
366 |e 5200 kusov 
490 1 |a Edícia teoretickej literatúry 
504 |a Bibliografia na strane 402 ; register 
650 0 7 |a stavebná mechanika  |2 SNKPH  |9 4181 
650 0 7 |a Structural mechanics  |2 SNKPHeng  |9 330400 
655 7 |a učebnice stredných škôl  |2 SNKPH  |9 69323 
655 7 |a Textbooks (secondary)  |2 SNKPHeng  |9 276359 
830 0 |a Edícia teoretickej literatúry  |9 279316 
852 |a Slovenská národná knižnica 
954 |a odborná, vedecká literatúra pôvodná (slovenská)  |2 lita 
958 |a RK 
958 |a TL 
958 |a NB 
958 |a UC 
958 |a OND 
958 |a EUIPO 
999 |c 765239  |d 767169 
952 |a SNK  |b SNK  |y PREZ  |7 0  |p 17A0826877  |o snkSC 11908  |i snkKSP 2813/58  |0 0  |1 0  |4 0  |d 2012-08-23  |f 1  |l 0  |r 2025-07-11 00:00:00  |w 2026-02-24 
952 |t P60, <04>, [BOOK], {604}  |a SNK  |b SNK  |y VYP  |7 0  |p 17A0057052  |o snkSC 11908 D1  |0 0  |1 0  |4 0  |d 1997-04-01  |l 0  |r 2005-01-01 00:00:00  |w 2026-02-24